Επετηρίς του λαογραφικού αρχείου

Αποθηκεύτηκε σε:
Λεπτομέρειες βιβλιογραφικής εγγραφής
Συγγραφή απο Οργανισμό/Αρχή: Ακαδημία Αθηνών
Άλλοι συγγραφείς: Μέγας, Γεώργιος Αν., 1893-1976 (edt [Επιμελητής])
Μορφή: Περιοδική έκδοση
Γλώσσα:Greek
Δημοσίευση: Εν Αθήναις : Ακαδημία Αθηνών, 1939-1965.
Θέματα:
Διαθέσιμο Online:Διάθεση: Κέντρον Ερεύνης της Ελληνικής Λαογραφίας » Το Έργο » Εκδόσεις
Ετικέτες: Προσθήκη ετικέτας
Δεν υπάρχουν, Καταχωρήστε ετικέτα πρώτοι!

MARC

LEADER 00000nas a2200000 i 4500
001 1/20086
008 051128d19501965gr | r 0 |gre||
035 |l 10081523 
040 |a GR-MY-UA  |b gre  |e aacr 
041 0 |a gre 
082 0 |a 398.05  
110 2 |a Ακαδημία Αθηνών. 
245 1 0 |a Επετηρίς του λαογραφικού αρχείου   |h [περιοδικό] /   |c εκδιδόμενη επιμέλεια του διευθυντού του αρχείου.  
260 |a Εν Αθήναις :   |b Ακαδημία Αθηνών,   |c 1939-1965.  
300 |a 17 τ. ;   |c 27 εκ.  
310 |a Συχνότητα ποικίλλει.  
650 0 0 |a Folklore  |z Greece  |x Periodicals. 
650 0 0 |a Greeks  |z Foreign countries  |x Folklore  |x Periodicals. 
650 0 0 |a Greeks  |z Foreign countries  |x Social life and customs  |x Periodicals. 
651 0 |a Greece  |x Social life and customs  |x Periodicals. 
700 1 |a Μέγας, Γεώργιος Αν.,   |d 1893-1976,  |e edt [Επιμελητής] 
856 |z Διάθεση: Κέντρον Ερεύνης της Ελληνικής Λαογραφίας » Το Έργο » Εκδόσεις  |u http://www.kentrolaografias.gr/el/content/%CE%B5%CE%BA%CE%B4%CF%8C%CF%83%CE%B5%CE%B9%CF%82 
901 |a BIBL3-2004-1 
901 |a BIBL1-2006-1 
920 |a ΑΚΑΔΗΜΙΑ ΑΘΗΝΩΝ  |y Σάμος  |z 2005-03 
970 |a ΜΑΛΑΓΑΡΗ  |b ΦΩΤΕΙΝΗ  |z 2005/11/28